|
|
|
|
| LEADER |
01168nam a22003012a 4500 |
| 001 |
001716803 |
| 003 |
CZ BrMZK |
| 005 |
20191114105017.0 |
| 007 |
ta |
| 008 |
191114s1973 xr er|||||||||||cze d |
| 015 |
|
|
|a cnb000455348
|
| 035 |
|
|
|a (OCoLC)7837434
|
| 040 |
|
|
|a ABA001
|b cze
|c OSA001
|d ABA001
|d BOA001
|
| 080 |
9 |
|
|a 622.831.32.026.7.001
|
| 100 |
1 |
|
|a Lazar, Mojmír
|7 jx20050802050
|4 aut
|
| 245 |
1 |
0 |
|a Laboratorní metoda zjišťování náchylnosti hornin k horským otřesům /
|c Mojmír Lazar, Petr Konečný, Nelie Syslová
|
| 260 |
|
|
|a Ostrava-Radvanice :
|b Vědeckovýzkum. uhelný ústav,
|c 1973
|
| 300 |
|
|
|a 44 s. ;
|c 8°
|
| 490 |
1 |
|
|a Zprávy Vědeckovýzkum. uhelného ústavu, Ostrava-Radvanice ;
|v č. 113
|
| 504 |
|
|
|a Obsahuje bibliografii
|
| 546 |
|
|
|a Anglické, německé a ruské resumé
|
| 700 |
1 |
|
|a Syslová, Nelie
|4 aut
|
| 700 |
1 |
|
|a Konečný, Petr,
|d 1940-2011
|7 jx20041115021
|4 aut
|
| 830 |
|
0 |
|a Zprávy Vědeckovýzkumného uhelného ústavu v Ostravě-Radvanicích
|
| 910 |
|
|
|a BOA001
|b X2-0699.716
|
| 990 |
|
|
|a BK
|
| 991 |
|
|
|b 201911
|
| 996 |
6 |
|
|b 2618838878
|c X2-0699.716
|l MZK
|r Sklad / do 24 hodin
|n 0
|w 001767819
|u 000010
|a 1
|e BOA001
|j MZK50
|s P
|